| 000 | 00426 a2200145 4500 | ||
|---|---|---|---|
| 022 | _a99158X | ||
| 082 | _a297.63 | ||
| 090 |
_c7188 _d7188 |
||
| 245 |
_aPeghambar-e-Akhir-uz-Zaman Hazrat Muhammad (SAW) ki Sakhsiat _cAbdul Waheed Khan |
||
| 260 |
_aSaudia _bIntl. Publication House _c2012 |
||
| 300 |
_a104 p. _c22 cm. |
||
| 500 | _aIncludes references | ||
| 650 | _a1. Muhammad Prophet d-632 Biography | ||
| 942 |
_cBK _k297.63 ABD |
||
| 999 |
_c10991 _d10991 |
||